LEADER 01043nam0-22003491i-450- 001 990000516890403321 005 20070903164819.0 010 $a0-7923-9265-5 035 $a000051689 035 $aFED01000051689 035 $a(Aleph)000051689FED01 035 $a000051689 100 $a20020821d1993----km-y0itay50------ba 101 0 $aeng 105 $aa-------001yy 200 1 $aSpace robotics$edynamics and control$fedited by Yangsheng Xu, Takeo Kanade 210 $aBoston ; Dordrecht ; London$cKluwer Academic$dc1993 215 $a284 p.$cill.$d24 cm 225 1 $a<>Kluver international series in engineering and computer science$vSECS 188 610 0 $aAutomazione 610 0 $aStazioni spaziali 610 0 $aRobotica 676 $a629.47 700 1$aKanade,$bTakeo$027531 701 1$aXu,$bYangsheng$027560 801 0$aIT$bUNINA$gRICA$2UNIMARC 901 $aBK 912 $a990000516890403321 952 $a10 D III 629$b2651 DIS$fDINEL 959 $aDINEL 996 $aSpace robotics$9330844 997 $aUNINA LEADER 01025nam a22002531i 4500 001 991000415409707536 005 20040826151114.0 008 040920s1991 uik eng 020 $a9780412376900 035 $ab13217185-39ule_inst 035 $aARCHE-116342$9ExL 040 $aSet. Economia$bita$cA.t.i. Arché s.c.r.l. Pandora Sicilia s.r.l. 082 04$a658.5620 100 1 $aLyonnet, Patrick$0103531 245 10$aTools of total quality :$ban introduction to statistical process control /$cP. Lyonnet ; english translation by Jack Howlett 260 $aLondon [etc] :$bChapman,$c1991 300 $aVI, 184 p. ;$c24 cm 650 4$aControllo di qualità$xMetodi statistici 907 $a.b13217185$b03-04-19$c23-09-04 912 $a991000415409707536 945 $aLE025 ECO 658.5 LYO01.01$g1$i2025000164031$lle025$nCatalogato 2019$o-$pE0.00$q-$rl$s- $t0$u0$v0$w0$x0$y.i1387293x$z23-09-04 996 $aTools of Total Quality$9437981 997 $aUNISALENTO 998 $ale025$b23-09-04$cm$da $e-$feng$guik$h0$i1